MARC

LEADER 00000nam0a2200000 4500
001 263322
005 20231101233728.0
010 |a 5217002603 
035 |a (RuTPU)RU\TPU\book\286307 
090 |a 263322 
100 |a 20140607d1988 k y0rusy50 ca 
101 0 |a rus 
102 |a RU 
105 |a a z 001zy 
200 1 |a Отвод металлической стружки пневмотранспортом  |f В. В. Рябов 
210 |a Москва  |c Машиностроение  |d 1988 
215 |a 144 с.  |c ил. 
320 |a Библиогр.: с. 143. 
606 1 |a Стружкоотводчики  |x Металлообработка  |2 stltpush  |3 (RuTPU)RU\TPU\subj\57939  |9 75785 
610 1 |a металлическая стружка 
610 1 |a отвод 
610 1 |a пневмотранспорт 
610 1 |a аэродинамика 
610 1 |a приемники 
610 1 |a загрузочные устройства 
610 1 |a пылеуловители 
610 1 |a пневмотранспортные установки 
675 |a 621.9.06-229.8  |v 3 
700 1 |a Рябов  |b В. В.  |g Вячеслав Васильевич 
801 1 |a RU  |b 63413507  |c 20140607 
801 2 |a RU  |b 63413507  |c 20150410  |g RCR 
942 |c BK